[Event "Copenhagen Chess Challenge IM 2024"]
[Site "Ballerup"]
[Date "2024.08.07"]
[Round "1.1"]
[Board "1"]
[White "Wahlgreen, Noah Krug"]
[Black "Ramsdal, Jens Albert"]
[Result "1-0"]
[WhiteElo "2135"]
[BlackElo "2337"]
[EventDate "2024.08.07"]
[EventType "tourn"]
[EventRounds "9"]
[EventCountry "DEN"]
[SourceTitle "Live v. Michael Andersen"]

1. d4 Nf6 2. Bf4 d5 3. Nf3 c5 4. e3 Nc6 5. Nbd2 e6 
6. c3 cxd4 7. exd4 Nh5 8. Be3 Bd6 9. Bd3 Nf4 10. Bxf4 Bxf4 
11. g3 Bh6 12. h4 Bd7 13. Kf1 O-O 14. h5 Rc8 15. Kg2 Kh8 
16. Bc2 Qc7 17. Nb3 b6 18. Qe2 Rce8 19. Rae1 Bc8 20. Ne5 f5 
21. Nxc6 Qxc6 22. f4 e5 23. fxe5 f4 24. Ref1 Rf7 25. Qf3 Be6 
26. g4 Rff8 27. Nd2 Qd7 28. Qd3 Bg8 29. Kf3 Bg5 30. Rfg1 Qc6 
31. Ke2 Bd8 32. Kd1 b5 33. Bb3 h6 34. Bc2 a5 35. Nf3 Qc4 
36. g5 Re6 37. gxh6 Rxh6 38. Rg6 Qxd3+ 39. Bxd3 b4 40. Rhg1 Bf7 
41. Rxh6+ gxh6 42. Bg6 Be6 43. Ke2 Be7 44. cxb4 Rb8 45. Rc1 Rxb4 
46. b3 a4 47. Rc7 axb3 48. Rxe7 bxa2 49. Ra7 Rb2+ 50. Nd2 f3+ 
51. Ke3 f2 52. Bd3 Bg4 53. Nf1 Bxh5 54. e6 Kg8 55. Ra8+ Kg7 
56. Ng3 Be8 57. Be2 Kf6 58. Kxf2 Bb5 59. Ke3 Rb3+ 60. Kf4 Bxe2 
61. Nxe2 Rb2 62. Nc3 Rf2+ 63. Ke3 Rh2 64. Ra6 Rh3+ 65. Kd2 Rh2+ 
66. Kd3 Rh3+ 67. Kc2 a1=Q 68. Nxd5+ Kf5 69. Ne7+ Kf6 70. Nd5+ Kf5 
71. Rxa1 Rh2+ 72. Kd3 Kxe6 73. Ne3 h5 74. Ra6+ Kd7 75. Ke4 Rh1 
76. Kd5 h4 77. Ra7+ Kc8 78. Kc5 h3 79. Rh7 h2 80. Nc4 Kd8 
81. d5 Kc8 82. d6 Kd8 83. Kc6 Re1 84. Rxh2 1-0

[Event "Copenhagen Chess Challenge IM 2024"]
[Site "Ballerup"]
[Date "2024.08.07"]
[Round "1.2"]
[Board "2"]
[White "Vasli, Aref"]
[Black "Jepson, Christian"]
[Result "0-1"]
[WhiteElo "2387"]
[BlackElo "2381"]
[EventDate "2024.08.07"]
[EventType "tourn"]
[EventRounds "9"]
[EventCountry "DEN"]
[SourceTitle "Live v. Michael Andersen"]

1. e4 d6 2. d4 Nf6 3. Nc3 g6 4. Bg5 c6 5. f3 Nbd7 
6. Qd2 b5 7. O-O-O h6 8. Be3 Qa5 9. Kb1 Bg7 10. g4 Bb7 
11. h4 b4 12. Nce2 c5 13. Nc1 Qc7 14. dxc5 dxc5 15. Bh3 Nb6 
16. Qh2 Qxh2 17. Rxh2 Nfd7 18. Bf1 c4 19. h5 g5 20. Nge2 Ne5 
21. Nd4 O-O-O 22. Be2 Nc6 23. Nxc6 Bxc6 24. Rxd8+ Rxd8 25. b3 Bd4 
26. Bxd4 Rxd4 27. bxc4 Na4 28. Bd3 Kc7 29. Nb3 Rd8 30. c5 Bd7 
31. Bc4 Be6 32. Nd2 Bxc4 0-1

[Event "Copenhagen Chess Challenge IM 2024"]
[Site "Ballerup"]
[Date "2024.08.07"]
[Round "1.3"]
[Board "3"]
[White "Thogersen, Rasmus"]
[Black "Falkesgaard, Jeppe Hald"]
[Result "0-1"]
[WhiteElo "2310"]
[BlackElo "2276"]
[EventDate "2024.08.07"]
[EventType "tourn"]
[EventRounds "9"]
[EventCountry "DEN"]
[SourceTitle "Live v. Michael Andersen"]

1. e4 c5 2. Nf3 Nc6 3. d4 cxd4 4. Nxd4 Nf6 5. Nc3 e5 
6. Ndb5 d6 7. Nd5 Nxd5 8. exd5 Nb8 9. a4 Be7 10. Be2 O-O 
11. Bd2 a6 12. Na3 a5 13. Bb5 f5 14. Qe2 f4 15. O-O-O Nd7 
16. f3 Nc5 17. g3 Bf5 18. Kb1 Bg6 19. Nc4 Bh5 20. gxf4 e4 
21. Qe1 Bh4 22. Bxa5 Bxe1 23. Bxd8 Raxd8 24. Rdxe1 exf3 25. b4 Na6 
26. Re4 Nxb4 27. Ne3 Na6 28. f5 Nc7 29. Rh4 Nxb5 30. axb5 g6 
31. Kc1 Rde8 32. Kd2 Re5 33. Rf1 Rfe8 34. Rxh5 gxh5 35. Rxf3 Kf7 
36. f6 Kg6 37. Kd3 Rf8 38. Rg3+ Rg5 39. Rh3 Rxf6 40. Rh4 Re5 
41. Rh3 Rf4 42. Rg3+ Rg5 43. Nc4 Rxg3+ 44. hxg3 Rf6 45. b6 Kg5 
46. Na5 Rf7 47. c4 Kg4 48. c5 dxc5 49. Kc4 Kxg3 50. Nxb7 Rxb7 
51. Kxc5 h4 52. Kc6 Rg7 53. d6 h3 54. d7 Rg8 55. Kc7 h2 
0-1

[Event "Copenhagen Chess Challenge IM 2024"]
[Site "Ballerup"]
[Date "2024.08.07"]
[Round "1.5"]
[Board "5"]
[White "Liu, Casper Yukun"]
[Black "Nielsen Refs, Karl Emil Elmer"]
[Result "1-0"]
[WhiteElo "2339"]
[BlackElo "2239"]
[EventDate "2024.08.07"]
[EventType "tourn"]
[EventRounds "9"]
[EventCountry "DEN"]
[SourceTitle "Live v. Michael Andersen"]

1. e4 e6 2. d3 d5 3. Nd2 c5 4. Ngf3 Nc6 5. g3 Bd6 
6. Bg2 Qf6 7. O-O Nge7 8. c4 d4 9. e5 Qf5 10. Ne4 Qh5 
11. Nxd6+ Kd7 12. h3 f5 13. exf6 Kxd6 14. fxe7 e5 15. Nxd4 Qg6 
16. Nb5+ Kxe7 17. Be3 1-0

[Event "Copenhagen Chess Challenge IM 2024"]
[Site "Ballerup"]
[Date "2024.08.08"]
[Round "2.1"]
[Board "1"]
[White "Ramsdal, Jens Albert"]
[Black "Nielsen Refs, Karl Emil Elmer"]
[Result "1-0"]
[WhiteElo "2337"]
[BlackElo "2239"]
[EventDate "2024.08.07"]
[EventType "tourn"]
[EventRounds "9"]
[EventCountry "DEN"]
[SourceTitle "Live v. Michael Andersen"]

1. e4 c5 2. Nf3 Nc6 3. Bb5 g6 4. O-O Bg7 5. Bxc6 dxc6 
6. d3 e5 7. Be3 Qe7 8. Qe1 Nf6 9. Qc3 Nd7 10. a4 a5 
11. Nbd2 Ra6 12. Nc4 b5 13. axb5 cxb5 14. Nxa5 f5 15. b4 fxe4 
16. dxe4 c4 17. Nb3 Rxa1 18. Rxa1 O-O 19. Nc5 Rd8 20. Bg5 Bf6 
21. Bxf6 Qxf6 22. Nxd7 Rxd7 23. h3 Bb7 24. Re1 Re7 25. Qe3 Qf4 
26. Qxf4 exf4 27. Nd4 Re5 28. f3 Bc8 29. Rd1 Kg7 30. Ra1 Kf6 
31. Ra7 h6 32. Rc7 Be6 33. Kf2 Rh5 34. Rc6 Re5 35. Rb6 g5 
36. Nc6 Bd7 37. Nb8+ Be6 38. Nd7+ 1-0

[Event "Copenhagen Chess Challenge IM 2024"]
[Site "Ballerup"]
[Date "2024.08.08"]
[Round "2.2"]
[Board "2"]
[White "Sahl, Bjarke"]
[Black "Liu, Casper Yukun"]
[Result "1-0"]
[WhiteElo "2219"]
[BlackElo "2339"]
[EventDate "2024.08.07"]
[EventType "tourn"]
[EventRounds "9"]
[EventCountry "DEN"]
[SourceTitle "Live v. Michael Andersen"]

1. e4 Nc6 2. d4 d5 3. Nc3 dxe4 4. d5 Ne5 5. Qd4 Ng6 
6. Qxe4 Nf6 7. Qa4+ Bd7 8. Bb5 a6 9. Bxd7+ Qxd7 10. Qxd7+ Kxd7 
11. Nf3 Re8 12. Be3 e6 13. dxe6+ Rxe6 14. Ng5 Re7 15. O-O-O+ Kc8 
16. Rd4 b6 17. Rhd1 Kb7 18. h3 c5 19. Rd8 Ne5 20. Nd5 Nxd5 
21. R1xd5 f6 22. Nxh7 Rxh7 23. Rxf8 Kc6 24. Rdd8 Nc4 25. Rde8 Rd7 
26. b3 Nd6 27. Ra8 a5 28. Bf4 Ne4 29. Rac8+ Kb7 30. Rb8+ Ka7 
31. Be3 Nc3 32. a4 g5 33. Rbd8 Nd5 34. Bd2 Rxd8 35. Rxd8 Nc7 
36. Rf8 Rh6 37. Rf7 Kb8 38. h4 Ne6 39. hxg5 fxg5 40. Be3 Kc8 
41. g3 Rg6 42. Kd2 g4 43. Kd3 Nd8 44. Rh7 Nc6 45. Kc4 Re6 
46. Kd5 Rf6 47. c3 Nd8 48. Bf4 Ne6 49. Ke5 Rg6 50. Be3 Nc7 
51. Rh6 Rg8 52. Rxb6 Re8+ 53. Kf5 Kd7 54. c4 Rh8 55. Bf4 Rf8+ 
56. Kxg4 1-0

[Event "Copenhagen Chess Challenge IM 2024"]
[Site "Ballerup"]
[Date "2024.08.08"]
[Round "2.3"]
[Board "3"]
[White "Falkesgaard, Jeppe Hald"]
[Black "Brynell, Stellan"]
[Result "1/2-1/2"]
[WhiteElo "2276"]
[BlackElo "2371"]
[EventDate "2024.08.07"]
[EventType "tourn"]
[EventRounds "9"]
[EventCountry "DEN"]
[SourceTitle "Live v. Michael Andersen"]

1. d4 e6 2. c4 Nf6 3. Nf3 b6 4. a3 Bb7 5. Nc3 d5 
6. cxd5 Nxd5 7. Qc2 Nxc3 8. bxc3 Nd7 9. e4 c5 10. Bd3 Qc7 
11. O-O cxd4 12. cxd4 Qxc2 13. Bxc2 Rc8 14. Bd3 Rc3 15. Rd1 Bd6 
16. Bb2 Rc8 17. Nd2 O-O 18. f3 Rfd8 19. Nc4 Be7 20. Ne3 h5 
21. g3 Bf6 22. Bc4 Nb8 23. Kf2 Nc6 24. e5 Na5 25. Ba2 Be7 
26. Rac1 Kf8 27. Rxc8 Rxc8 28. Rd2 b5 29. d5 exd5 30. Bxd5 Bxd5 
31. Rxd5 a6 32. a4 Nc4 33. Bd4 bxa4 34. Nxc4 Rxc4 35. Ke3 a3 
36. Ra5 Rc6 37. Ke4 Bb4 38. Kd5 Bxa5 39. Kxc6 Ke8 40. Bc5 a2 
41. Bd4 Be1 42. f4 g6 43. Kd6 Bb4+ 44. Kd5 Kd7 45. h3 Bd2 
46. Ke4 a5 47. g4 a4 48. f5 gxf5+ 49. gxf5 Bc1 50. Kd3 Kc6 
51. Kc4 Bf4 52. Bc3 Bg5 53. Ba1 Bd2 54. Kd3 Bc1 55. Kc4 Be3 
56. Kd3 Bh6 57. Kc4 Bg5 58. Bc3 Kd7 59. Kb5 a3 60. Ka4 Bc1 
61. Kb3 Kc6 62. Kxa2 Kd5 63. Kb3 Bf4 64. e6 fxe6 65. f6 Bd6 
66. f7 e5 67. Bb4 Bxb4 68. Kxb4 a2 69. f8=Q a1=Q 70. Qf3+ Kd4 
71. Qf2+ Ke4 72. Qe2+ Kf4 73. Qf2+ Kg5 74. Qg3+ Kh6 75. Qe3+ Kg6 
76. Qe4+ Kf6 77. Qf3+ Ke7 78. Qxh5 Qd4+ 79. Kb5 Qf4 80. Qg4 Kf6 
81. Kc5 Qxg4 82. hxg4 Kg5 83. Kd5 Kf4 84. g5 Kxg5 85. Kxe5 1/2-1/2

[Event "Copenhagen Chess Challenge IM 2024"]
[Site "Ballerup"]
[Date "2024.08.08"]
[Round "2.4"]
[Board "4"]
[White "Wahlgreen, Noah Krug"]
[Black "Vasli, Aref"]
[Result "0-1"]
[WhiteElo "2135"]
[BlackElo "2387"]
[EventDate "2024.08.07"]
[EventType "tourn"]
[EventRounds "9"]
[EventCountry "DEN"]
[SourceTitle "Live v. Michael Andersen"]

1. e4 e5 2. Nf3 Nc6 3. Bb5 a6 4. Ba4 Nf6 5. O-O b5 
6. Bb3 Bb7 7. Re1 Bc5 8. c3 d6 9. d4 Bb6 10. Be3 h6 
11. Nbd2 O-O 12. d5 Ne7 13. Bxb6 cxb6 14. Qe2 Ng6 15. g3 Bc8 
16. a4 bxa4 17. Bxa4 Rb8 18. c4 Bg4 19. b4 a5 20. Rab1 Nd7 
21. Bc2 Qc7 22. Kg2 b5 23. bxa5 Qxa5 24. h3 Bh5 25. cxb5 Rfc8 
26. Bd3 Rc3 27. Nc4 Qc7 28. Rec1 Rxc1 29. Rxc1 Nc5 30. b6 Qe7 
31. Qe3 f5 32. Bb1 f4 33. Qa3 Bxf3+ 34. Qxf3 fxg3 35. fxg3 Qg5 
36. Qc3 Nf4+ 37. Kf1 Rf8 38. Ke1 Nfd3+ 39. Bxd3 Nxd3+ 40. Qxd3 Qxc1+ 
41. Ke2 Qf1+ 42. Kd2 Rf2+ 43. Kc3 Rf3 44. Qxf3 Qxf3+ 45. Kb2 Qf2+ 
0-1

[Event "Copenhagen Chess Challenge IM 2024"]
[Site "Ballerup"]
[Date "2024.08.08"]
[Round "2.5"]
[Board "5"]
[White "Jepson, Christian"]
[Black "Thogersen, Rasmus"]
[Result "1/2-1/2"]
[WhiteElo "2381"]
[BlackElo "2310"]
[EventDate "2024.08.07"]
[EventType "tourn"]
[EventRounds "9"]
[EventCountry "DEN"]
[SourceTitle "Live v. Michael Andersen"]

1. Nf3 Nf6 2. c4 g6 3. Nc3 Bg7 4. e4 e5 5. Nxe5 O-O 
6. Nf3 Re8 7. Bd3 Nxe4 8. Bxe4 Bxc3 9. dxc3 Rxe4+ 10. Be3 Nc6 
11. O-O d6 12. Qd2 Bg4 13. Nd4 Bd7 14. f3 Re8 15. Nxc6 Bxc6 
16. Bg5 Qd7 17. Qf4 Re5 18. Rae1 Rae8 19. Bf6 Rxe1 20. Qh6 Rxf1+ 
21. Kxf1 Re1+ 22. Kf2 Re2+ 23. Kg1 Re1+ 24. Kf2 Re2+ 25. Kf1 1/2-1/2

[Event "Copenhagen Chess Challenge IM 2024"]
[Site "Ballerup"]
[Date "2024.08.08"]
[Round "3.1"]
[Board "1"]
[White "Liu, Casper Yukun"]
[Black "Falkesgaard, Jeppe Hald"]
[Result "1-0"]
[WhiteElo "2339"]
[BlackElo "2276"]
[EventDate "2024.08.07"]
[EventType "tourn"]
[EventRounds "9"]
[EventCountry "DEN"]
[SourceTitle "Live v. Michael Andersen"]

1. d4 d5 2. Nf3 Nf6 3. Bf4 c5 4. e3 Nc6 5. Nbd2 cxd4 
6. exd4 Bf5 7. Bb5 Qb6 8. Qe2 a6 9. Ba4 Qxb2 10. Rb1 Qa3 
11. Bxc6+ bxc6 12. O-O Bxc2 13. Rb7 Rc8 14. Ne5 Bf5 15. Nec4 dxc4 
16. Nxc4 Bd3 17. Qe3 Nd5 18. Qh3 e6 19. Nxa3 Bxf1 20. Kxf1 Nxf4 
21. Qf3 Bxa3 22. Qxa3 Nd5 23. Qd6 Rd8 24. Qxc6+ Kf8 25. Qc5+ Ke8 
26. Qa7 1-0

[Event "Copenhagen Chess Challenge IM 2024"]
[Site "Ballerup"]
[Date "2024.08.08"]
[Round "3.2"]
[Board "2"]
[White "Brynell, Stellan"]
[Black "Jepson, Christian"]
[Result "1/2-1/2"]
[WhiteElo "2371"]
[BlackElo "2381"]
[EventDate "2024.08.07"]
[EventType "tourn"]
[EventRounds "9"]
[EventCountry "DEN"]
[SourceTitle "Live v. Michael Andersen"]

1. d4 Nf6 2. Nf3 e6 3. c4 d5 4. Nc3 Be7 5. Bg5 h6 
6. Bxf6 Bxf6 7. e3 O-O 8. Rc1 a6 9. Qc2 c6 10. Bd3 Nd7 
1/2-1/2

[Event "Copenhagen Chess Challenge IM 2024"]
[Site "Ballerup"]
[Date "2024.08.08"]
[Round "3.3"]
[Board "3"]
[White "Thogersen, Rasmus"]
[Black "Wahlgreen, Noah Krug"]
[Result "1/2-1/2"]
[WhiteElo "2310"]
[BlackElo "2135"]
[EventDate "2024.08.07"]
[EventType "tourn"]
[EventRounds "9"]
[EventCountry "DEN"]
[SourceTitle "Live v. Michael Andersen"]

1. e4 c5 2. Nf3 e6 3. d4 cxd4 4. Nxd4 Nf6 5. Nc3 Nc6 
6. Nxc6 bxc6 7. e5 Nd5 8. Ne4 f5 9. exf6 Nxf6 10. Nd6+ Bxd6 
11. Qxd6 Qb6 12. Bd3 c5 13. Bf4 Qxb2 14. O-O Qd4 15. Rab1 a5 
16. Rfd1 Qxd6 17. Bxd6 Kf7 18. g4 Ba6 19. Bxa6 Rxa6 20. Rb7 h6 
21. Be5 Rd8 22. h4 g5 23. h5 Nxg4 24. Bc7 Re8 25. Rxd7+ Re7 
26. Rxe7+ Kxe7 27. f3 Nf6 28. Kf2 e5 29. Bxe5+ Ke6 30. Bxf6 Kxf6 
31. Kg3 Ke5 32. Rg7 Rd6 33. c3 Rf6 34. Ra7 Kd5 35. Rxa5 Kc4 
36. a4 Rc6 37. Ra8 Kxc3 38. a5 Kb4 39. a6 Ka5 40. a7 Ka6 
41. Kf2 Kb7 42. Rf8 Kxa7 43. Ke3 c4 44. Kd2 c3+ 45. Kc2 Kb7 
46. f4 gxf4 1/2-1/2

[Event "Copenhagen Chess Challenge IM 2024"]
[Site "Ballerup"]
[Date "2024.08.08"]
[Round "3.4"]
[Board "4"]
[White "Nielsen Refs, Karl Emil Elmer"]
[Black "Sahl, Bjarke"]
[Result "0-1"]
[WhiteElo "2239"]
[BlackElo "2219"]
[EventDate "2024.08.07"]
[EventType "tourn"]
[EventRounds "9"]
[EventCountry "DEN"]
[SourceTitle "Live v. Michael Andersen"]

1. d4 Nf6 2. c4 e6 3. Nc3 d5 4. cxd5 exd5 5. Bg5 Be7 
6. e3 a6 7. Bd3 Nc6 8. Rc1 h6 9. Bh4 O-O 10. Nge2 Nh5 
11. Bxe7 Nxe7 12. O-O Re8 13. Kh1 Qd6 14. f3 g6 15. e4 c6 
16. e5 Qd8 17. Qd2 Kh7 18. g4 Ng7 19. Rf2 Rh8 20. Ng3 Ng8 
21. Rg1 Qh4 22. Nce2 Be6 23. h3 a5 24. Rh2 Ne7 25. Nf4 c5 
26. Nge2 Nc6 27. Qc2 cxd4 28. Bxg6+ Kg8 29. Bd3 Qg5 30. Bf5 Nxe5 
31. h4 Qf6 32. Nxd4 Nc6 33. Nde2 Kf8 34. Qc5+ Ne7 35. Bxe6 Nxe6 
36. Nxe6+ fxe6 37. Qe3 Nc6 38. Nf4 Kf7 39. Re1 Rae8 40. Nh5 Qd4 
41. Qe2 e5 42. Rd1 Qc4 43. Qxc4 dxc4 44. Rc2 Rd8 45. Rxd8 Rxd8 
46. Ng3 b5 47. a4 Rd1+ 48. Kg2 Nd4 49. Rf2 b4 50. Nf1 Ne6 
51. Ne3 Nf4+ 52. Kh2 Rc1 53. Ng2 c3 54. Nxf4 exf4 55. Kh3 Rh1+ 
56. Kg2 Rb1 57. bxc3 bxc3 58. Kh3 Rh1+ 59. Kg2 Rd1 60. Kh3 Rd2 
61. Rf1 c2 62. Rc1 Kg6 63. g5 hxg5 64. hxg5 Kf5 65. g6 Rf2 
66. g7 Rxf3+ 67. Kg2 Rg3+ 68. Kf2 Rxg7 69. Rxc2 Kg4 70. Rc8 Rg5 
71. Ra8 Re5 72. Ra7 Rh5 73. Rg7+ Kf5 74. Rc7 Kg4 75. Rg7+ Rg5 
76. Rc7 Rd5 77. Rg7+ Kf5 78. Ra7 Ke4 79. Re7+ Kd3 80. Kf3 Rd4 
81. Ra7 Rxa4 82. Ra8 Kc3 83. Ra7 Kb3 84. Ra8 Ra1 85. Kxf4 a4 
86. Ke3 Rd1 87. Rb8+ Ka2 88. Ra8 a3 89. Ra7 Kb2 90. Rb7+ Ka1 
91. Ra7 a2 92. Ke2 Rb1 93. Kd3 Kb2 94. Rb7+ Kc1 95. Rc7+ Kd1 
96. Rh7 Rb3+ 97. Kc4 Rc3+ 98. Kb4 Rc1 99. Rh1+ Kc2 100. Rh2+ Kb1 
101. Kb3 a1=Q 102. Rh3 Qa2+ 0-1

[Event "Copenhagen Chess Challenge IM 2024"]
[Site "Ballerup"]
[Date "2024.08.08"]
[Round "3.5"]
[Board "5"]
[White "Vasli, Aref"]
[Black "Ramsdal, Jens Albert"]
[Result "0-1"]
[WhiteElo "2387"]
[BlackElo "2337"]
[EventDate "2024.08.07"]
[EventType "tourn"]
[EventRounds "9"]
[EventCountry "DEN"]
[SourceTitle "Live v. Michael Andersen"]

1. Nf3 Nf6 2. g3 d5 3. Bg2 c6 4. O-O g6 5. d3 Bg7 
6. Nbd2 O-O 7. e4 dxe4 8. dxe4 Na6 9. Qe2 Qc7 10. e5 Nd5 
11. c4 Nb6 12. Re1 Rd8 13. a4 Bf5 14. a5 Nd7 15. e6 Bxe6 
16. Ng5 Nf8 17. Ndf3 Qd6 18. Ra3 Qb4 19. Ne5 Bxe5 20. Nxe6 Nxe6 
21. Qxe5 Qd6 22. Qc3 Qd4 23. Be3 Qxc3 24. Rxc3 Nb4 25. Bh3 Rd3 
26. Re2 Rxc3 27. bxc3 Nd3 28. Bxe6 fxe6 29. f4 e5 30. Kg2 exf4 
31. gxf4 Rf8 32. Kg3 Rf5 33. Rd2 Nc5 34. Rd8+ Kf7 35. Rb8 a6 
36. Rh8 Rh5 37. Rb8 Nb3 38. Rxb7 Nxa5 39. Rb4 c5 40. Ra4 Nb7 
41. Rxa6 Nd6 42. Bg1 Nxc4 43. Rc6 Nd6 44. Kg4 c4 45. h4 Rb5 
46. Bc5 h5+ 47. Kf3 Nf5 48. Bf2 Nd6 49. Bc5 Rb3 50. Bb4 Nf5 
51. Rxc4 Nxh4+ 52. Ke4 Nf5 53. Rc7 h4 54. Kf3 h3 55. Rc8 Kg7 
56. Rd8 Rb2 57. Rd1 Rg2 58. c4 Rg3+ 59. Kf2 Rb3 60. Ba5 Ng3 
61. c5 Ne4+ 62. Kg1 Nxc5 63. Kh2 Ne6 64. Re1 Kf6 65. Re4 Rf3 
66. Be1 Rxf4 67. Re3 Kf5 68. Kxh3 g5 69. Ra3 Nd4 70. Bg3 Re4 
71. Ra5+ e5 72. Ra8 g4+ 73. Kg2 Re2+ 74. Kf1 Rc2 75. Re8 Rc5 
76. Bf2 Rc1+ 77. Kg2 Ne6 78. Be3 Rc2+ 79. Kg3 Rc3 80. Kf2 g3+ 
81. Ke2 g2 82. Rg8 Nf4+ 83. Bxf4 Kxf4 84. Kf2 Rc2+ 85. Kg1 e4 
86. Rg7 Kf3 87. Rg3+ Kf4 88. Rg8 Rb2 89. Rg7 Ke3 90. Rg3+ Kf4 
91. Rg8 Ra2 92. Rg7 Ke3 93. Rg3+ Kd4 94. Rg8 e3 95. Rd8+ Ke4 
96. Re8+ Kd3 97. Rd8+ Ke2 98. Kxg2 Ke1+ 99. Kg1 Ra5 100. Kg2 e2 
0-1

[Event "Copenhagen Chess Challenge IM 2024"]
[Site "Ballerup"]
[Date "2024.08.09"]
[Round "4.1"]
[Board "1"]
[White "Jepson, Christian"]
[Black "Liu, Casper Yukun"]
[Result "1-0"]
[WhiteElo "2381"]
[BlackElo "2339"]
[EventDate "2024.08.07"]
[EventType "tourn"]
[EventRounds "9"]
[EventCountry "DEN"]
[SourceTitle "Live v. Michael Andersen"]

1. c4 e6 2. Nf3 d5 3. g3 Nf6 4. Bg2 d4 5. O-O c5 
6. d3 Nc6 7. e3 Bd6 8. exd4 cxd4 9. Na3 O-O 10. Nc2 e5 
11. b4 Re8 12. Re1 a6 13. Bg5 Bg4 14. h3 Bh5 15. c5 Bc7 
16. a4 h6 17. Bxf6 Qxf6 18. b5 axb5 19. axb5 Rxa1 20. Nxa1 Nb4 
21. b6 Bb8 22. Qa4 Qc6 23. Qxc6 bxc6 24. Nxd4 Nxd3 25. Re3 Nxc5 
26. Nxc6 Bd6 27. Nb3 e4 28. Nxc5 Bxc5 29. b7 Bxe3 30. fxe3 f5 
31. Ne7+ 1-0

[Event "Copenhagen Chess Challenge IM 2024"]
[Site "Ballerup"]
[Date "2024.08.09"]
[Round "4.2"]
[Board "2"]
[White "Wahlgreen, Noah Krug"]
[Black "Brynell, Stellan"]
[Result "0-1"]
[WhiteElo "2135"]
[BlackElo "2371"]
[EventDate "2024.08.07"]
[EventType "tourn"]
[EventRounds "9"]
[EventCountry "DEN"]
[SourceTitle "Live v. Michael Andersen"]

1. d4 Nf6 2. Bf4 d5 3. Nf3 c5 4. e3 Nc6 5. Nbd2 cxd4 
6. exd4 Qb6 7. Nb3 Bf5 8. a4 a6 9. a5 Qd8 10. Ne5 Rc8 
11. c3 e6 12. g4 Nxe5 13. dxe5 Nxg4 14. h3 Nh6 15. Qd2 Ng8 
16. Rg1 Ne7 17. Be3 Ng6 18. Nd4 Nxe5 19. f4 Nc4 20. Bxc4 dxc4 
21. Nxf5 Qxd2+ 22. Kxd2 exf5 23. Bb6 g6 24. Rge1+ Kd7 25. Kc2 Bd6 
26. Rad1 Rhe8 27. Re5 Re6 28. Red5 Rc6 29. b3 Re2+ 30. Kb1 cxb3 
31. Bc5 Re6 32. Kb2 Ke7 33. Bb6 Re4 34. Kxb3 Ke6 35. c4 Bxf4 
36. Rd7 Rexc4 37. Rxb7 Rc3+ 38. Ka2 Rc2+ 39. Kb3 R6c3+ 40. Ka4 Bd6 
41. Re1+ Kd5 42. Rd1+ Kc6 43. Rxd6+ Kxd6 44. Rxf7 Rc4+ 45. Kb3 R2c3+ 
46. Kb2 Rxh3 47. Bd8 Rg4 0-1

[Event "Copenhagen Chess Challenge IM 2024"]
[Site "Ballerup"]
[Date "2024.08.09"]
[Round "4.3"]
[Board "3"]
[White "Ramsdal, Jens Albert"]
[Black "Sahl, Bjarke"]
[Result "1/2-1/2"]
[WhiteElo "2337"]
[BlackElo "2219"]
[EventDate "2024.08.07"]
[EventType "tourn"]
[EventRounds "9"]
[EventCountry "DEN"]
[SourceTitle "Live v. Michael Andersen"]

1. Nf3 c5 2. g3 Nc6 3. Bg2 e5 4. O-O g6 5. c3 Bg7 
6. d4 cxd4 7. cxd4 e4 8. Ne5 d5 9. Nxc6 bxc6 10. Nc3 Ne7 
11. Na4 Nf5 12. e3 h5 13. h3 h4 14. g4 Nd6 15. f4 exf3 
16. Qxf3 O-O 17. Bd2 f5 18. Qe2 a5 19. Nc5 Qe7 20. Rae1 Nf7 
21. b4 fxg4 22. hxg4 h3 23. Bxh3 Qh4 24. Bg2 axb4 25. Bxb4 Nh6 
26. Nd3 Rxf1+ 27. Rxf1 Ba6 28. a3 Re8 29. Rf4 Qg3 30. Rf3 Qxg4 
31. Qc2 Bxd3 32. Qxd3 Nf5 1/2-1/2

[Event "Copenhagen Chess Challenge IM 2024"]
[Site "Ballerup"]
[Date "2024.08.09"]
[Round "4.4"]
[Board "4"]
[White "Falkesgaard, Jeppe Hald"]
[Black "Nielsen Refs, Karl Emil Elmer"]
[Result "1-0"]
[WhiteElo "2276"]
[BlackElo "2239"]
[EventDate "2024.08.07"]
[EventType "tourn"]
[EventRounds "9"]
[EventCountry "DEN"]
[SourceTitle "Live v. Michael Andersen"]

1. b3 d5 2. Bb2 Bf5 3. Nf3 e6 4. e3 Nf6 5. c4 Bd6 
6. Be2 Nbd7 7. Nc3 c6 8. Nh4 Bg6 9. d4 Ne4 10. Nxg6 Nxc3 
11. Bxc3 hxg6 12. h3 Qg5 13. Bf3 Nf6 14. Qd3 Rh4 15. g4 Qh6 
16. O-O-O O-O-O 17. Bg2 Kb8 18. f4 Ne4 19. Be1 g5 20. Bxh4 Qxh4 
21. Bxe4 dxe4 22. Qxe4 gxf4 23. exf4 Qf2 24. Kb1 Ba3 25. Qc2 Qxf4 
26. Qh2 Qxh2 27. Rxh2 b5 28. Kc2 bxc4 29. bxc4 Kc7 30. Rf2 f6 
31. Re2 Kd7 32. Rb1 Kc7 33. Kc3 Rh8 34. Re3 Bd6 35. c5 Bf4 
36. Rxe6 Rxh3+ 37. Kc4 Kd7 38. Re4 Bc7 39. d5 cxd5+ 40. Kxd5 Ra3 
41. c6+ Kc8 42. Re8+ Bd8 43. Rd1 Kc7 44. Kc5 Ra5+ 45. Kb4 Rxa2 
46. Rexd8 Kxc6 47. R1d6+ Kc7 48. R8d7+ Kc8 49. Rxg7 Rf2 50. Rc6+ Kb8 
51. Re6 1-0

[Event "Copenhagen Chess Challenge IM 2024"]
[Site "Ballerup"]
[Date "2024.08.09"]
[Round "4.5"]
[Board "5"]
[White "Vasli, Aref"]
[Black "Thogersen, Rasmus"]
[Result "1-0"]
[WhiteElo "2387"]
[BlackElo "2310"]
[EventDate "2024.08.07"]
[EventType "tourn"]
[EventRounds "9"]
[EventCountry "DEN"]
[SourceTitle "Live v. Michael Andersen"]

1. e4 c5 2. Nf3 d6 3. Bb5+ Nd7 4. Ba4 Ngf6 5. O-O e6 
6. Re1 a6 7. c4 Be7 8. Nc3 O-O 9. d3 Ne5 10. a3 Nfd7 
11. Be3 Nxf3+ 12. Qxf3 Bf6 13. Rad1 Bxc3 14. bxc3 Ne5 15. Qe2 Qa5 
16. d4 Ng6 17. Qc2 e5 18. dxc5 dxc5 19. Rd5 Be6 20. Rxc5 Qd8 
21. Qb1 Rb8 22. Rd1 Qf6 23. Rc7 Nh4 24. Bd7 Rbd8 25. Bxe6 Qxe6 
26. h3 Qg6 27. g3 Qh5 28. Rxd8 Rxd8 29. gxh4 Qf3 30. Qd3 Qf6 
31. Bg5 1-0

[Event "Copenhagen Chess Challenge IM 2024"]
[Site "Ballerup"]
[Date "2024.08.09"]
[Round "5.1"]
[Board "1"]
[White "Brynell, Stellan"]
[Black "Vasli, Aref"]
[Result "0-1"]
[WhiteElo "2371"]
[BlackElo "2387"]
[EventDate "2024.08.07"]
[EventType "tourn"]
[EventRounds "9"]
[EventCountry "DEN"]
[SourceTitle "Live v. Michael Andersen"]

1. d4 Nf6 2. Nf3 g6 3. c4 Bg7 4. Nc3 O-O 5. g3 d6 
6. Bg2 Nbd7 7. O-O e5 8. h3 Re8 9. e4 c6 10. Re1 Qb6 
11. d5 Nc5 12. Rb1 cxd5 13. cxd5 a5 14. Be3 Bd7 15. Nd2 Qc7 
16. Qe2 b6 17. Rec1 Qb7 18. Bf1 Rec8 19. Nc4 Nfxe4 20. Nxe4 Nxe4 
21. Nxb6 Rxc1 22. Rxc1 Rb8 23. Nxd7 Qxd7 24. Bg2 Nf6 25. Rc6 Bf8 
26. Ra6 Qf5 27. b3 Rc8 28. Rxa5 h5 29. Qf3 Qb1+ 30. Kh2 Bg7 
31. Ra7 h4 32. gxh4 Re8 33. Qe2 e4 34. Qf1 Qb2 35. Qc1 Qe5+ 
36. Bf4 Qf5 37. Bg3 Nh5 38. Qc6 Rc8 39. Bxe4 Rxc6 40. Bxf5 Rc3 
41. Ra8+ Kh7 42. Rc8 gxf5 43. Rxc3 Bxc3 44. Bxd6 Nf6 45. Kg3 Ne4+ 
0-1

[Event "Copenhagen Chess Challenge IM 2024"]
[Site "Ballerup"]
[Date "2024.08.09"]
[Round "5.2"]
[Board "2"]
[White "Liu, Casper Yukun"]
[Black "Wahlgreen, Noah Krug"]
[Result "0-1"]
[WhiteElo "2339"]
[BlackElo "2135"]
[EventDate "2024.08.07"]
[EventType "tourn"]
[EventRounds "9"]
[EventCountry "DEN"]
[SourceTitle "Live v. Michael Andersen"]

1. Nf3 d5 2. g3 Nf6 3. Bg2 c6 4. O-O Bf5 5. c4 e6 
6. Qb3 Qb6 7. d3 h6 8. Be3 Qxb3 9. axb3 a6 10. Ra4 Nbd7 
11. Nd4 Bh7 12. b4 e5 13. Nb3 b5 14. cxb5 cxb5 15. Ra2 Bxb4 
16. Nc3 Bxc3 17. bxc3 O-O 18. Rfa1 Rac8 19. Bd2 Nb8 20. d4 exd4 
21. cxd4 Rc4 22. Bf4 Nbd7 23. Bd6 Rfc8 24. Rxa6 Bc2 25. Na5 Rc3 
26. Bh3 g5 27. Bb4 R3c7 28. f3 g4 29. fxg4 Be4 30. Bd2 Rc2 
31. Bxh6 Rxe2 32. Nc6 Kh7 33. g5 Rc7 34. Ne7 Rcc2 35. gxf6 Kxh6 
36. Nf5+ Kg5 37. Nd6 Nb8 38. Nxf7+ Kh5 39. Ne5 Rxh2 40. Bg4+ Kg5 
41. Bf3 Nxa6 42. Rxa6 Rhd2 43. Nf7+ Kf5 44. Nh6+ Kg6 45. f7+ Kg7 
0-1